[Event "FRA-chT1 1011"]
[Site "France"]
[Date "2010.12.11"]
[Round "4.4"]
[White "Acher, Mathieu"]
[Black "Ravot, Sylvain"]
[Result "1-0"]
[WhiteElo "2368"]
[BlackElo "2275"]
[PlyCount "57"]
[EventDate "2010.10.17"]
[EventType "team-tourn"]
[EventRounds "11"]
[EventCountry "FRA"]
[SourceTitle "EXT 2012"]
[Source "ChessBase"]
[SourceDate "2011.11.24"]
[SourceVersion "1"]
[SourceVersionDate "2011.11.24"]
[SourceQuality "1"]

1. e4 c5 2. Nf3 g6 3. c3 Bg7 4. Bc4 e6 5. 0-0 a6 6. d4 cxd4 7. cxd4 d5 8. exd5 exd5 9. Bb3 h6 10. Nc3 Ne7 11. Bf4 0-0 12. Qd2 Kh7 13. Ne5 Nbc6 14. Nxc6 Nxc6 15. Bxd5 Nxd4 16. Bxh6 Bxh6 17. Qxd4 Bg7 18. Qc4 b5 19. Qc5 Rb8 20. Ne4 Re8 21. Rad1 Qe7 22. Qxe7 Rxe7 23. Rfe1 Kh6 24. Nd6 Rxe1+ 25. Rxe1 Be6 26. Bxe6 fxe6 27. b3 Rb6 28. Rxe6 Kh5 29. Nf5 1-0

[Event "FRA-chT1 1011"]
[Site "France"]
[Date "2010.11.14"]
[Round "3.3"]
[White "Acher, Mathieu"]
[Black "Touzane, Olivier"]
[Result "0-1"]
[WhiteElo "2368"]
[BlackElo "2280"]
[PlyCount "32"]
[EventDate "2010.10.17"]
[EventType "team-tourn"]
[EventRounds "11"]
[EventCountry "FRA"]
[SourceTitle "EXT 2012"]
[Source "ChessBase"]
[SourceDate "2011.11.24"]
[SourceVersion "1"]
[SourceVersionDate "2011.11.24"]
[SourceQuality "1"]

1. d4 Nf6 2. c4 g6 3. Nc3 Bg7 4. e4 d6 5. Nf3 0-0 6. Be2 e5 7. 0-0 Nc6 8. d5 Ne7 9. b4 Nh5 10. Re1 f5 11. Nd2 Nf6 12. f3 Bh6 13. Ba3 Be3+ 14. Kh1 f4 15. Bd3 Bd4 16. Rc1 Nh5 0-1

[Event "FRA-chT1 0910"]
[Site "France"]
[Date "2009.12.12"]
[Round "6.3"]
[White "Riff, Vincent"]
[Black "Acher, Mathieu"]
[Result "1/2-1/2"]
[WhiteElo "2328"]
[BlackElo "2345"]
[PlyCount "38"]
[EventDate "2009.09.27"]
[EventType "team-tourn"]
[EventRounds "11"]
[EventCountry "FRA"]
[SourceTitle "EXT 2011"]
[Source "ChessBase"]
[SourceDate "2010.11.26"]
[SourceVersion "1"]
[SourceVersionDate "2010.11.26"]
[SourceQuality "1"]

1. e4 g6 2. d4 d6 3. Nf3 Bg7 4. Nc3 c6 5. a4 Nf6 6. Be2 0-0 7. h3 e5 8. dxe5 dxe5 9. Qxd8 Rxd8 10. 0-0 Nbd7 11. Rd1 Re8 12. Be3 Bf8 13. Bc4 h6 14. Nh2 Nc5 15. f3 h5 16. Nf1 Ne6 17. Be2 Bc5 18. Bxc5 Nxc5 19. Ne3 Kf8 1/2-1/2

[Event "FRA-chT1 0910"]
[Site "France"]
[Date "2009.10.18"]
[Round "3.3"]
[White "Perez, Flavio"]
[Black "Acher, Mathieu"]
[Result "1/2-1/2"]
[WhiteElo "2267"]
[BlackElo "2340"]
[PlyCount "47"]
[EventDate "2009.09.27"]
[EventType "team-tourn"]
[EventRounds "11"]
[EventCountry "FRA"]
[SourceTitle "EXT 2011"]
[Source "ChessBase"]
[SourceDate "2010.11.26"]
[SourceVersion "1"]
[SourceVersionDate "2010.11.26"]
[SourceQuality "1"]

1. e4 g6 2. Nc3 Bg7 3. g3 e5 4. Bg2 Ne7 5. Nge2 0-0 6. d4 exd4 7. Nxd4 Nbc6 8. Be3 d6 9. h3 Ne5 10. Qe2 c5 11. Nf3 Nxf3+ 12. Qxf3 Qb6 13. Bc1 Qa6 14. Qe2 Qxe2+ 15. Nxe2 Nc6 16. c3 f5 17. exf5 Bxf5 18. 0-0 Rae8 19. Nf4 Be4 20. Be3 Bxg2 21. Kxg2 Ne5 22. Rad1 Nc4 23. Bc1 Be5 24. Nd5 1/2-1/2

[Event "FRA-chT1 0910"]
[Site "France"]
[Date "2009.09.27"]
[Round "1.2"]
[White "Acher, Mathieu"]
[Black "Levacic, Damir"]
[Result "1-0"]
[WhiteElo "2340"]
[BlackElo "2281"]
[PlyCount "65"]
[EventDate "2009.09.27"]
[EventType "team-tourn"]
[EventRounds "11"]
[EventCountry "FRA"]
[SourceTitle "EXT 2011"]
[Source "ChessBase"]
[SourceDate "2010.11.26"]
[SourceVersion "1"]
[SourceVersionDate "2010.11.26"]
[SourceQuality "1"]

1. e4 d6 2. d4 Nf6 3. Nc3 g6 4. Bg5 Bg7 5. Qd2 h6 6. Bh4 g5 7. Bg3 Nc6 8. d5 Ne5 9. h4 g4 10. h5 c6 11. f4 gxf3 12. gxf3 cxd5 13. exd5 Bd7 14. Bxe5 dxe5 15. 0-0-0 Rc8 16. Bh3 Qa5 17. Nge2 Kf8 18. Kb1 Bxh3 19. Rxh3 Ne8 20. Qd3 Nd6 21. Rh4 b5 22. a3 f5 23. Rb4 a6 24. Rg1 Bf6 25. Rg6 Qb6 26. Ng3 e4 27. fxe4 Bxc3 28. bxc3 Qa5 29. e5 Nf7 30. Qxf5 Rxc3 31. e6 Rh7 32. exf7 Rxf7 33. Qe5 1-0

[Event "FRA-chT Top 16 Gp Basse"]
[Site "Le Port Marly"]
[Date "2009.05.28"]
[Round "8"]
[White "Acher, Mathieu"]
[Black "Degraeve, Jean Marc"]
[Result "0-1"]
[WhiteElo "2381"]
[BlackElo "2558"]
[PlyCount "61"]
[EventDate "2009.05.28"]
[EventType "team-tourn"]
[EventRounds "11"]
[EventCountry "FRA"]
[SourceTitle "CBM 130 Extra"]
[Source "ChessBase"]
[SourceDate "2009.07.02"]
[SourceVersion "2"]
[SourceVersionDate "2009.07.15"]
[SourceQuality "1"]

1. e4 e5 2. Nf3 d6 3. d4 exd4 4. Nxd4 Nf6 5. Nc3 Be7 6. Be2 0-0 7. 0-0 Re8 8. Bf3 Bf8 9. g4 Nc6 10. g5 Nxd4 11. Qxd4 Nd7 12. Bg2 c6 13. Bf4 Ne5 14. Bg3 Qb6 15. Qxb6 axb6 16. a4 f5 17. gxf6 gxf6 18. Rad1 Bg4 19. f3 Bh5 20. b3 Rad8 21. Ne2 Bf7 22. Bf2 Nd7 23. Nd4 d5 24. exd5 Bxd5 25. c4 Bf7 26. f4 Nc5 27. Bh4 Bh5 28. Bf3 Bxf3 29. Nxf3 Rxd1 30. Rxd1 Kf7 31. Kf1 0-1

[Event "FRA-chT Top 16 Gp Haute"]
[Site "France"]
[Date "2007.06.03"]
[Round "11.4"]
[White "Schmitt, Fabien"]
[Black "Acher, Mathieu"]
[Result "0-1"]
[WhiteElo "2164"]
[BlackElo "2358"]
[PlyCount "94"]
[EventDate "2007.05.31"]
[EventType "team"]
[EventRounds "11"]
[EventCountry "FRA"]
[SourceTitle "CBM 118 Extra"]
[Source "ChessBase"]
[SourceDate "2007.07.04"]
[SourceVersion "1"]
[SourceVersionDate "2007.07.04"]
[SourceQuality "1"]
[WhiteTeam "Mulhouse"]
[BlackTeam "Antibes"]
[WhiteTeamCountry "FRA"]
[BlackTeamCountry "FRA"]

1. d4 d5 2. Nf3 Nc6 3. g3 Bg4 4. Bg2 Qd7 5. h3 Bf5 6. c3 e6 7. Nh4 Be4 8. f3 Bd6 9. f4 g5 10. Nf3 gxf4 11. Bxf4 Nge7 12. e3 Nf5 13. Kf2 f6 14. g4 Nfe7 15. Nbd2 Bxf4 16. exf4 Qd6 17. Nxe4 dxe4 18. Nd2 Qxf4+ 19. Ke2 f5 20. Qf1 Qg3 21. Rg1 Qd3+ 22. Kd1 Qxf1+ 23. Bxf1 Nd5 24. Bb5 0-0-0 25. Kc2 Nce7 26. Rae1 h5 27. gxf5 exf5 28. Rg5 h4 29. Nxe4 fxe4 30. Rxe4 c6 31. Be2 Rdg8 32. Bg4+ Kd8 33. Rge5 Rh7 34. Re6 Nc8 35. c4 Nc7 36. Rf6 Ne8 37. Rff4 Ncd6 38. Re2 Rf7 39. Rxf7 Nxf7 40. Be6 Rg7 41. d5 Ng5 42. Bg4 Nf6 43. Bf5 Nf3 44. Kd3 cxd5 45. Re6 Nd7 46. Ke3 Rg3 47. Kf4 Nd4 0-1

[Event "FRA-chT Top 16 Gp Haute"]
[Site "France"]
[Date "2007.06.01"]
[Round "9.4"]
[White "Fressinet, Laurent"]
[Black "Acher, Mathieu"]
[Result "1-0"]
[WhiteElo "2646"]
[BlackElo "2358"]
[PlyCount "101"]
[EventDate "2007.05.31"]
[EventType "team"]
[EventRounds "11"]
[EventCountry "FRA"]
[SourceTitle "CBM 118 Extra"]
[Source "ChessBase"]
[SourceDate "2007.07.04"]
[SourceVersion "1"]
[SourceVersionDate "2007.07.04"]
[SourceQuality "1"]
[WhiteTeam "Clichy"]
[BlackTeam "Antibes"]
[WhiteTeamCountry "FRA"]
[BlackTeamCountry "FRA"]

1. e4 e6 2. d4 d5 3. Nc3 Nf6 4. e5 Nfd7 5. f4 c5 6. Nf3 Nc6 7. Be3 a6 8. Qd2 b5 9. Bd3 Qb6 10. dxc5 Bxc5 11. Bxc5 Nxc5 12. Qf2 b4 13. Ne2 a5 14. 0-0 Ba6 15. f5 exf5 16. Nf4 Ne7 17. e6 0-0 18. exf7+ Rxf7 19. Rae1 Qd6 20. Ng5 Rf6 21. Rxe7 Qxe7 22. Nxd5 Qa7 23. Nxf6+ gxf6 24. Bxa6 Nxa6 25. Qxa7 Rxa7 26. Ne6 Kf7 27. Nd4 Rd7 28. Nxf5 Nc5 29. Ne3 a4 30. Rf5 Ne4 31. Rb5 Rd4 32. Rd5 Rxd5 33. Nxd5 a3 34. b3 Ke6 35. Nxb4 Ke5 36. c4 Kd4 37. Nc2+ Kc3 38. Nxa3 Kb2 39. Nb5 Kxa2 40. Nd4 Kb2 41. g4 Kc3 42. Ne6 Kxb3 43. c5 Kc4 44. c6 Kd5 45. c7 Nd6 46. Ng7 Nc8 47. Kf2 h6 48. Kg3 Kd6 49. Kh4 Kxc7 50. Ne8+ Kd8 51. Nxf6 1-0

[Event "FRA-chT Top 16 GpA"]
[Site "France"]
[Date "2007.05.01"]
[Round "7"]
[White "Vallin, Guillaume"]
[Black "Acher, Mathieu"]
[Result "1/2-1/2"]
[WhiteElo "2413"]
[BlackElo "2358"]
[PlyCount "38"]
[EventDate "2007.02.09"]
[EventType "team"]
[EventRounds "11"]
[EventCountry "FRA"]
[SourceTitle "CBM 118 Extra"]
[Source "ChessBase"]
[SourceDate "2007.07.04"]
[SourceVersion "1"]
[SourceVersionDate "2007.07.04"]
[SourceQuality "1"]
[WhiteTeam "Gonfreville"]
[BlackTeam "Antibes"]
[WhiteTeamCountry "FRA"]
[BlackTeamCountry "FRA"]

1. d4 Nf6 2. c4 g6 3. Nc3 Bg7 4. e4 d6 5. f4 0-0 6. Nf3 c5 7. dxc5 Qa5 8. Bd3 Qxc5 9. Qe2 Nc6 10. Be3 Qa5 11. 0-0 Bg4 12. Rac1 Nd7 13. Qf2 Bxf3 14. gxf3 Nc5 15. Bb1 Na4 16. Nxa4 Qxa4 17. Kh1 Qb4 18. b3 a5 19. c5 a4 1/2-1/2

[Event "FRA-chT Top 16 GpB"]
[Site "France"]
[Date "2006.04.02"]
[Round "7"]
[White "Acher, Mathieu"]
[Black "Spielmann, Alain"]
[Result "1-0"]
[WhiteElo "2354"]
[BlackElo "2284"]
[PlyCount "39"]
[EventDate "2006.03.03"]
[EventType "team-tourn"]
[EventRounds "7"]
[EventCountry "FRA"]
[SourceTitle "CBM 111 Extra"]
[Source "ChessBase"]
[SourceDate "2006.05.09"]
[SourceVersion "1"]
[SourceVersionDate "2006.05.09"]
[SourceQuality "1"]
[WhiteTeam "Antibes"]
[BlackTeam "Nancy"]
[WhiteTeamCountry "FRA"]
[BlackTeamCountry "FRA"]

1. e4 c6 2. d4 d5 3. e5 Bf5 4. Nf3 e6 5. a3 c5 6. c4 dxc4 7. Bxc4 Nc6 8. Bb5 Rc8 9. Bg5 Qb6 10. Nc3 a6 11. Bxc6+ Qxc6 12. 0-0 h6 13. Be3 c4 14. d5 Qd7 15. d6 Bd3 16. Na4 Rc6 17. Re1 f6 18. Nc5 Rxc5 19. Bxc5 Kf7 20. b3 1-0

[Event "FRA-chT Top 16 GpB"]
[Site "France"]
[Date "2006.03.31"]
[Round "5"]
[White "Dunis, Aurelien"]
[Black "Acher, Mathieu"]
[Result "1-0"]
[WhiteElo "2534"]
[BlackElo "2354"]
[PlyCount "113"]
[EventDate "2006.03.03"]
[EventType "team-tourn"]
[EventRounds "7"]
[EventCountry "FRA"]
[SourceTitle "CBM 111 Extra"]
[Source "ChessBase"]
[SourceDate "2006.05.09"]
[SourceVersion "1"]
[SourceVersionDate "2006.05.09"]
[SourceQuality "1"]
[WhiteTeam "Nice"]
[BlackTeam "Antibes"]
[WhiteTeamCountry "FRA"]
[BlackTeamCountry "FRA"]

1. e4 c5 2. Nc3 e6 3. Nf3 Nc6 4. d4 cxd4 5. Nxd4 Qc7 6. g3 d6 7. Bg2 Nf6 8. Ndb5 Qb8 9. Bf4 Ne5 10. Qd4 a6 11. 0-0-0 axb5 12. Bxe5 Ng4 13. f4 f6 14. Bxd6 Qxd6 15. Qxd6 Bxd6 16. Rxd6 b4 17. Nb1 Rxa2 18. Rb6 Ne3 19. Bf1 Nxf1 20. Rxf1 Ra7 21. Re1 Bd7 22. e5 Ke7 23. f5 fxe5 24. fxe6 Bc6 25. Rxe5 Kd6 26. Rf5 Raa8 27. Rxb4 Raf8 28. Rbf4 Rxf5 29. Rxf5 Kxe6 30. Rf2 g5 31. Nc3 h5 32. Ne2 Ke5 33. Kd2 h4 34. Ke3 Rh7 35. Nd4 Be4 36. Rf8 Re7 37. gxh4 gxh4 38. Rf4 Bg6 39. Rxh4 Kf6+ 40. Kd2 Rd7 41. c3 Re7 42. Rh3 Rd7 43. b3 Ke5 44. Kc1 Be4 45. Kb2 Rd6 46. Rh5+ Kf4 47. Ka3 Ke3 48. Nf5+ Bxf5 49. Rxf5 Rh6 50. Rf8 Kd3 51. Kb4 b6 52. c4 Kc2 53. h4 Kd3 54. h5 Kc2 55. Rf5 Kd3 56. Kb5 Kc3 57. b4 1-0

[Event "FRA-chT N1"]
[Site "France"]
[Date "2005.05.06"]
[Round "9.6"]
[White "Acher, Mathieu"]
[Black "Pucher, Olivier"]
[Result "1-0"]
[WhiteElo "2352"]
[BlackElo "2284"]
[PlyCount "65"]
[EventDate "2005.05.05"]
[EventType "team"]
[EventRounds "11"]
[EventCountry "FRA"]
[SourceTitle "EXT 2006"]
[Source "ChessBase"]
[SourceDate "2005.11.24"]
[SourceVersion "1"]
[SourceVersionDate "2005.11.24"]
[SourceQuality "1"]

1. e4 c5 2. d3 Nc6 3. g3 e6 4. Bg2 d5 5. Nd2 g6 6. f4 Bg7 7. Ngf3 Nge7 8. 0-0 0-0 9. c3 b6 10. e5 Ba6 11. Qe2 Qd7 12. a3 Rfd8 13. b4 Rac8 14. Rb1 cxb4 15. axb4 Bb5 16. Bb2 a5 17. bxa5 bxa5 18. Ba3 Qa7+ 19. Kh1 Qa6 20. c4 dxc4 21. dxc4 Ba4 22. Ne4 Nb4 23. Ra1 Nf5 24. Bxb4 axb4 25. Nf6+ Bxf6 26. exf6 b3 27. Ne5 Nd4 28. Qb2 Nc2 29. Ng4 Qxc4 30. Rab1 Rd2 31. Rbd1 Rxd1 32. Rxd1 Qc3 33. Qxc3 1-0

[Event "France-ch U20"]
[Site "Reims"]
[Date "2004.04.22"]
[Round "6"]
[White "Le Pape, Jeremy"]
[Black "Acher, Mathieu"]
[Result "1/2-1/2"]
[WhiteElo "2125"]
[BlackElo "2323"]
[PlyCount "66"]
[EventDate "2004.04.??"]
[EventType "swiss"]
[EventRounds "9"]
[EventCountry "FRA"]
[SourceTitle "EXT 2005"]
[Source "ChessBase"]
[SourceDate "2004.11.15"]
[SourceVersion "1"]
[SourceVersionDate "2004.11.15"]
[SourceQuality "1"]

1. e4 e5 2. Nf3 Nc6 3. Bb5 Nf6 4. 0-0 Nxe4 5. Re1 Nd6 6. Bxc6 dxc6 7. Nxe5 Be7 8. d4 0-0 9. Bf4 Nf5 10. c3 Be6 11. Nd2 c5 12. dxc5 Bxc5 13. Qe2 c6 14. Rad1 Be7 15. Ne4 Qa5 16. b4 Qb5 17. c4 Qxb4 18. Rb1 Qa4 19. Rxb7 Rfe8 20. Qh5 f6 21. Nd7 Bxd7 22. Rxd7 Qa5 23. Bd2 Qe5 24. Ng5 Qxe1+ 25. Bxe1 fxg5 26. g4 Nh4 27. Kf1 Bf6 28. Qf7+ Kh8 29. Rxa7 Rad8 30. Rd7 Rb8 31. Rb7 Rbd8 32. Rd7 Rb8 33. Rb7 Rbd8 1/2-1/2

[Event "FRA-chT2 0304a"]
[Site "France"]
[Date "2004.04.04"]
[Round "11.1"]
[White "Ouadi, Wahbi"]
[Black "Acher, Mathieu"]
[Result "0-1"]
[WhiteElo "2052"]
[BlackElo "2323"]
[PlyCount "54"]
[EventDate "2003.10.??"]
[EventType "team"]
[EventRounds "11"]
[EventCountry "FRA"]
[SourceTitle "EXT 2005"]
[Source "ChessBase"]
[SourceDate "2004.11.15"]
[SourceVersion "1"]
[SourceVersionDate "2004.11.15"]
[SourceQuality "1"]
[WhiteTeam "Eybens"]
[BlackTeam "Cannes II"]
[WhiteTeamCountry "FRA"]
[BlackTeamCountry "FRA"]

1. d4 Nf6 2. c4 e6 3. Nc3 Bb4 4. e3 b6 5. Bd3 Bb7 6. Nf3 0-0 7. 0-0 d5 8. Ne5 c5 9. Ne2 cxd4 10. exd4 dxc4 11. Bxc4 Be7 12. Nf4 Nc6 13. Nxf7 Rxf7 14. Nxe6 Qd7 15. Ng5 Nd8 16. Re1 Nd5 17. Nxf7 Nxf7 18. Qh5 Bb4 19. Re2 Rf8 20. a3 Bd6 21. Bd2 Nf6 22. Qh4 Qc6 23. d5 Nxd5 24. Rc1 Nc3 25. Bxf7+ Rxf7 26. Qd8+ Rf8 27. Qxf8+ Bxf8 0-1

[Event "FRA-chT2 0304a"]
[Site "France"]
[Date "2004.03.14"]
[Round "9.1"]
[White "Lazarev, Vladimir"]
[Black "Acher, Mathieu"]
[Result "0-1"]
[WhiteElo "2525"]
[BlackElo "2320"]
[PlyCount "120"]
[EventDate "2003.10.??"]
[EventType "team"]
[EventRounds "11"]
[EventCountry "FRA"]
[SourceTitle "EXT 2005"]
[Source "ChessBase"]
[SourceDate "2004.11.15"]
[SourceVersion "1"]
[SourceVersionDate "2004.11.15"]
[SourceQuality "1"]
[WhiteTeam "Lyon Olympique"]
[BlackTeam "Cannes II"]
[WhiteTeamCountry "FRA"]
[BlackTeamCountry "FRA"]

1. d4 Nf6 2. c4 g6 3. Nc3 Bg7 4. e4 d6 5. h3 0-0 6. Bg5 c5 7. d5 b5 8. cxb5 a6 9. a4 axb5 10. Bxb5 Ba6 11. Nf3 Nbd7 12. 0-0 h6 13. Be3 Nb6 14. Bxa6 Rxa6 15. b3 Nfd7 16. Rc1 Qa8 17. Nb5 Rc8 18. Nd2 f5 19. f3 g5 20. Qe2 f4 21. Bf2 Qb7 22. g4 fxg3 23. Bxg3 Raa8 24. f4 gxf4 25. Bxf4 Rf8 26. Kh1 Ne5 27. Bxe5 Bxe5 28. Qh5 Bg7 29. Rg1 Rf6 30. Rg2 Raf8 31. Rcg1 R8f7 32. e5 dxe5 33. Ne4 Nxd5 34. Nxf6+ Nxf6 35. Qxe5 Ng4 36. Qg3 Nf2+ 37. Kh2 Ne4 38. Qe5 Ng5 39. Rxg5 hxg5 40. Qxg5 Kf8 41. Rd1 Be5+ 42. Qxe5 Rf2+ 43. Kg3 Qf3+ 44. Kh4 Qxd1 45. Qxc5 Qe1 46. Qc8+ Kf7 47. Qc4+ Kf8 48. Qc8+ Kf7 49. Qc4+ Kf6 50. Qd4+ e5 51. Qd8+ Kf5 52. Qd7+ Ke4 53. Qc6+ Ke3 54. Qc5+ Kf3 55. Kh5 Kg3 56. h4 Qe4 57. Qc3+ Rf3 58. Qc8 Qxh4+ 59. Kg6 Rf6+ 60. Kg7 Qg5+ 0-1

[Event "FRA-ch Accession"]
[Site "Aix les Bains"]
[Date "2003.08.27"]
[Round "4"]
[White "Iglesias, Iannis"]
[Black "Acher, Mathieu"]
[Result "0-1"]
[WhiteElo "2138"]
[BlackElo "2300"]
[PlyCount "29"]
[EventDate "2003.08.19"]
[EventType "swiss"]
[EventRounds "11"]
[EventCountry "FRA"]
[SourceTitle "EXT 2004"]
[Source "ChessBase"]
[SourceDate "2003.11.25"]
[SourceVersion "1"]
[SourceVersionDate "2003.11.25"]
[SourceQuality "1"]

1. e4 d5 2. Nc3 dxe4 3. Nxe4 Qd5 4. Qf3 Nc6 5. Ne2 Nb4 6. N2c3 Qe5 7. Bc4 f5 8. Kd1 Nh6 9. Ng3 Qc5 10. d3 Ng4 11. Be3 Nxe3+ 12. fxe3 Nc6 13. Nb5 Kd8 14. Nd4 Nxd4 15. exd4 0-1

[Event "FRA-ch Accession"]
[Site "Aix les Bains"]
[Date "2003.08.22"]
[Round "2"]
[White "Soyez, Cyril"]
[Black "Acher, Mathieu"]
[Result "0-1"]
[WhiteElo "2113"]
[BlackElo "2300"]
[PlyCount "84"]
[EventDate "2003.08.19"]
[EventType "swiss"]
[EventRounds "11"]
[EventCountry "FRA"]
[SourceTitle "EXT 2004"]
[Source "ChessBase"]
[SourceDate "2003.11.25"]
[SourceVersion "1"]
[SourceVersionDate "2003.11.25"]
[SourceQuality "1"]

1. c4 f5 2. g3 Nf6 3. Bg2 e5 4. Nc3 d6 5. e3 c6 6. Nge2 Be7 7. 0-0 0-0 8. f4 Na6 9. d3 Qe8 10. Rb1 exf4 11. exf4 Bd8 12. h3 Bb6+ 13. Kh2 Qh5 14. Bf3 Qf7 15. b4 Bd7 16. a4 Rae8 17. a5 Be3 18. Ba3 Rd8 19. b5 Nc5 20. d4 Nce4 21. Qd3 Bd2 22. Bxe4 Bxc3 23. Bxc6 Bxa5 24. Bxb7 Rfe8 25. Bf3 Ne4 26. Bb4 Bc7 27. Ra1 Bb8 28. Rae1 d5 29. cxd5 Qxd5 30. Nc3 Qb3 31. Rb1 Qe6 32. Rbe1 Qh6 33. Nxe4 fxe4 34. Bxe4 Qxh3+ 35. Kg1 Qh5 36. Rf2 h6 37. Bh7+ Kh8 38. Rxe8+ Bxe8 39. Ba5 Rc8 40. Qf5 Rc1+ 41. Rf1 Rxf1+ 42. Kxf1 Bxb5+ 0-1

[Event "FRA-chT2S"]
[Site "France"]
[Date "2003.04.05"]
[Round "10.2"]
[White "Acher, Mathieu"]
[Black "Peray, Sebastien"]
[Result "1-0"]
[WhiteElo "2310"]
[BlackElo "2169"]
[PlyCount "51"]
[EventDate "2002.10.??"]
[EventType "team"]
[EventRounds "11"]
[EventCountry "FRA"]
[SourceTitle "EXT 2004"]
[Source "ChessBase"]
[SourceDate "2003.11.25"]
[SourceVersion "1"]
[SourceVersionDate "2003.11.25"]
[SourceQuality "1"]

1. e4 d5 2. exd5 Qxd5 3. Nc3 Qa5 4. d4 c6 5. Nf3 Nf6 6. Bc4 Bf5 7. Bd2 e6 8. Nd5 Qd8 9. Nxf6+ Qxf6 10. Qe2 Bxc2 11. d5 Qxb2 12. 0-0 cxd5 13. Bxd5 Ba3 14. Bc1 Qxa1 15. Qxc2 Bxc1 16. Rxc1 Qf6 17. Qc8+ Ke7 18. Qxh8 exd5 19. Qc8 Qb6 20. Re1+ Kf6 21. Qg4 g6 22. Qc8 Kg7 23. Re8 a5 24. g4 Nc6 25. Rg8+ Kf6 26. Qxa8 1-0

[Event "FRA-chT2S"]
[Site "France"]
[Date "2003.01.18"]
[Round "5.3"]
[White "Acher, Mathieu"]
[Black "Olivier, Jean Christophe"]
[Result "0-1"]
[WhiteElo "2310"]
[BlackElo "2389"]
[PlyCount "92"]
[EventDate "2002.10.??"]
[EventType "team"]
[EventRounds "11"]
[EventCountry "FRA"]
[SourceTitle "EXT 2004"]
[Source "ChessBase"]
[SourceDate "2003.11.25"]
[SourceVersion "1"]
[SourceVersionDate "2003.11.25"]
[SourceQuality "1"]

1. e4 c5 2. Nf3 d6 3. d4 cxd4 4. Nxd4 Nf6 5. Nc3 a6 6. f3 e5 7. Nb3 Be6 8. Be3 Be7 9. Qd2 Nbd7 10. 0-0-0 b5 11. g4 Nb6 12. g5 Nfd7 13. Nd5 Bxd5 14. exd5 Rc8 15. Na5 Nxd5 16. Qxd5 Qxa5 17. Bh3 Qc7 18. Rd2 Qc6 19. Re1 Qxd5 20. Rxd5 Rc7 21. f4 f6 22. gxf6 Nxf6 23. Rdd1 Kf7 24. fxe5 dxe5 25. Bf2 e4 26. Bf5 Re8 27. Bg3 Rc5 28. Bh3 Rc6 29. Bh4 Rd6 30. Bg2 Rxd1+ 31. Kxd1 Bd6 32. Bxf6 Kxf6 33. Rxe4 Be5 34. c3 Rd8+ 35. Kc2 Bxh2 36. Rh4 Bg3 37. Rxh7 Bf4 38. Rh4 Kg5 39. Rh7 Kf6 40. Rh4 Rd2+ 41. Kb3 Bg3 42. Rg4 Rxg2 43. a4 g5 44. axb5 axb5 45. Rb4 Be5 46. Rxb5 g4 0-1

[Event "Nice Winter op 18th"]
[Site "Nice"]
[Date "2002.12.29"]
[Round "6"]
[White "Cossin, Sebastien"]
[Black "Acher, Mathieu"]
[Result "1-0"]
[WhiteElo "2230"]
[BlackElo "2308"]
[PlyCount "57"]
[EventDate "2002.12.26"]
[EventType "swiss"]
[EventRounds "7"]
[EventCountry "FRA"]
[SourceTitle "CBM 091 Extra"]
[Source "ChessBase"]
[SourceDate "2003.01.09"]
[SourceVersion "1"]
[SourceVersionDate "2003.01.09"]
[SourceQuality "1"]

1. c4 e5 2. Nc3 d6 3. g3 g6 4. Bg2 Bg7 5. d3 f5 6. Nf3 h6 7. 0-0 Nf6 8. e4 fxe4 9. dxe4 g5 10. c5 Nc6 11. cxd6 cxd6 12. Nb5 Bf8 13. h4 g4 14. Ne1 Be6 15. Nc2 Kf7 16. Nc3 Kg7 17. Nd5 Nh5 18. b4 Kh7 19. b5 Ne7 20. Nce3 Rg8 21. Qd3 Qd7 22. Ba3 Rd8 23. Rac1 Bxd5 24. Nxd5 Nxd5 25. exd5+ Kh8 26. Be4 Rg7 27. Bf5 Qe8 28. Rc2 Be7 29. Qe3 1-0

[Event "Wch U18"]
[Site "Heraklion"]
[Date "2002.11.17"]
[Round "4"]
[White "Werle, Jan"]
[Black "Acher, Mathieu"]
[Result "1-0"]
[WhiteElo "2434"]
[BlackElo "2308"]
[PlyCount "59"]
[EventDate "2002.11.15"]
[EventType "swiss"]
[EventRounds "11"]
[EventCountry "GRE"]
[SourceTitle "CBM 091 Extra"]
[Source "ChessBase"]
[SourceDate "2003.01.09"]
[SourceVersion "1"]
[SourceVersionDate "2003.01.09"]
[SourceQuality "1"]

1. Nf3 Nf6 2. c4 g6 3. Nc3 Bg7 4. e4 d6 5. d4 0-0 6. Be2 e5 7. 0-0 Nc6 8. d5 Ne7 9. b4 Nh5 10. Re1 f5 11. Ng5 Nf6 12. f3 Nh5 13. Kh1 f4 14. Ne6 Bxe6 15. dxe6 Bf6 16. Qd2 Bh4 17. Rd1 Bf2 18. h3 Bd4 19. Bb2 Ng7 20. c5 dxc5 21. bxc5 b6 22. Na4 bxc5 23. Qc2 Qd6 24. Rac1 Nxe6 25. Bc4 Kh8 26. Bxe6 Qxe6 27. Nxc5 Qd6 28. Qc4 Nc6 29. Nb3 Rfd8 30. Ba1 1-0

[Event "Wch U18"]
[Site "Heraklion"]
[Date "2002.11.16"]
[Round "2"]
[White "Zhigalko, Andrey"]
[Black "Acher, Mathieu"]
[Result "0-1"]
[WhiteElo "2446"]
[BlackElo "2308"]
[PlyCount "90"]
[EventDate "2002.11.15"]
[EventType "swiss"]
[EventRounds "11"]
[EventCountry "GRE"]
[SourceTitle "CBM 091 Extra"]
[Source "ChessBase"]
[SourceDate "2003.01.09"]
[SourceVersion "1"]
[SourceVersionDate "2003.01.09"]
[SourceQuality "1"]

1. e4 e5 2. Nf3 Nc6 3. Bb5 a6 4. Ba4 Nf6 5. 0-0 Be7 6. Re1 b5 7. Bb3 d6 8. c3 0-0 9. h3 Na5 10. Bc2 c5 11. d4 Nd7 12. Nbd2 exd4 13. cxd4 Nc6 14. d5 Nce5 15. Nxe5 Nxe5 16. a4 Rb8 17. axb5 axb5 18. f4 Ng6 19. Nf3 Bh4 20. Rf1 Bg3 21. f5 Ne5 22. Ng5 Nd7 23. Ra3 Be5 24. h4 c4 25. Rh3 b4 26. Nf3 Ra8 27. Nxe5 Nxe5 28. h5 h6 29. Qd2 b3 30. f6 Bxh3 31. fxg7 Kxg7 32. Qxh6+ Kg8 33. Rf6 Ng4 34. Qg5+ Kh8 35. Rh6+ Nxh6 36. Qxh6+ Kg8 37. Bb1 Qh4 38. e5 Qe1+ 39. Kh2 Qxe5+ 40. Kxh3 f5 41. Bd2 Qxb2 42. Bxf5 Rxf5 43. Qg6+ Qg7 44. Qxf5 Rf8 45. Qe4 Qf7 0-1